000 01126nam a2200349 a 4500
001 000006221
003 DO-SdBNP
005 20240123075054.0
008 090827s1968 mx a 001 0 spa d
010 _a
040 _aBPMSU
_bspa
_cBPMSU
082 _a301.451
_bG493n 1968
_222
092 _b
_2
100 1 _aGinzberg, Eli,
_d1911-
_e
245 1 3 _aEl negro y la democracia norteamericana /
_c Eli Ginzberg y Alfred S. Eichner ; traducción al español por Margarita Alvarez Franco.
_b
250 _a
260 _aMéxico :
_bUteha,
_c1968
300 _a304 p. ;
_c24 cm.
_b
490 0 _aBiblioteca "UTEHA" de historia
500 _3Incluye referencias bibliográficas y notas al pie de las páginas
590 _aInventariado, 2024/VM
650 4 _aNegros
_xHistoria
650 4 _aSegregación contra los negros.
651 4 _aEstados Unidos
_xProblemas raciales.
700 1 _aEichner, Alfred S.
_eautor
700 1 _aAlvarez Franco, Margarita
_etr.
710 _4
910 _aVMateo V. Control de calidad. BPMSU
942 _2ddc
_cBK
956 _a
_b
_c
_l
_h
956 _a
_b
_c
_l
_h
999 _c13134
_d13134